[Event "AUT-ch Zwisch Internet"]
[Site "Playchess.com INT"]
[Date "2020.05.02"]
[Round "11"]
[White "Teuschler, Hugo"]
[Black "Kienboeck, Benjamin"]
[Result "0-1"]
[WhiteElo "2055"]
[BlackElo "1922"]
[PlyCount "35"]
[EventDate "2020.05.02"]
[EventType "swiss (blitz)"]
[EventRounds "13"]
[EventCountry "AUT"]
[SourceTitle "CBM 195 Extra"]
[Source "ChessBase"]
[SourceDate "2020.05.31"]
[SourceVersion "1"]
[SourceVersionDate "2020.05.31"]
[SourceQuality "1"]

1. e4 c5 2. Nf3 d6 3. d4 cxd4 4. Nxd4 Nf6 5. Nc3 a6 6. Bg5 e6 7. f4 Qb6 8. a3 Nc6 9. Nb3 Be7 10. Qe2 0-0 11. Bh4 Nxe4 12. Qxe4 Bxh4+ 13. g3 Bf6 14. Qd3 d5 15. Bg2 Na5 16. Nxa5 Qxb2 17. 0-0 Qxc3 18. Qxc3 0-1

[Event "AUT-ch Vor2 Internet"]
[Site "Playchess.com INT"]
[Date "2020.04.13"]
[Round "7"]
[White "Teuschler, Hugo"]
[Black "Belke, Frank"]
[Result "1-0"]
[WhiteElo "2055"]
[BlackElo "2273"]
[PlyCount "39"]
[EventDate "2020.04.13"]
[EventType "swiss (blitz)"]
[EventRounds "9"]
[EventCountry "AUT"]
[SourceTitle "CBM 195 Extra"]
[Source "ChessBase"]
[SourceDate "2020.05.31"]
[SourceVersion "1"]
[SourceVersionDate "2020.05.31"]
[SourceQuality "1"]

1. e4 e6 2. d4 d5 3. Nd2 Nf6 4. e5 Nfd7 5. Bd3 c5 6. c3 Nc6 7. Ngf3 f6 8. exf6 Nxf6 9. 0-0 Bd6 10. dxc5 Bxc5 11. Nb3 Bd6 12. Bg5 0-0 13. Bh4 e5 14. Bb5 Be6 15. Ng5 Bg4 16. Be2 Bxe2 17. Qxe2 Qd7 18. Rad1 Rae8 19. c4 d4 20. Bg3 1-0

[Event "AUT-ch Vor1 Internet"]
[Site "Playchess.com INT"]
[Date "2020.04.11"]
[Round "4"]
[White "Teuschler, Hugo"]
[Black "Lerch, Johannes"]
[Result "0-1"]
[WhiteElo "2055"]
[BlackElo "2005"]
[PlyCount "80"]
[EventDate "2020.04.11"]
[EventType "swiss (blitz)"]
[EventRounds "9"]
[EventCountry "AUT"]
[SourceTitle "CBM 195 Extra"]
[Source "ChessBase"]
[SourceDate "2020.05.31"]
[SourceVersion "1"]
[SourceVersionDate "2020.05.31"]
[SourceQuality "1"]

1. e4 c5 2. Nf3 d6 3. d4 cxd4 4. Nxd4 Nf6 5. Nc3 g6 6. Be3 Bg7 7. f3 0-0 8. Qd2 Nc6 9. Bc4 Bd7 10. 0-0-0 Rc8 11. Bb3 Nxd4 12. Bxd4 b5 13. Kb1 a5 14. a3 b4 15. axb4 axb4 16. Nd5 Nxd5 17. Bxd5 Qa5 18. Bxg7 Kxg7 19. Qd4+ Kg8 20. Bb3 Ra8 21. Kc1 Ba4 22. Bxa4 Qxa4 23. Kd2 Rfc8 24. Rc1 Qa5 25. Ke2 Qb5+ 26. Qd3 Qe5 27. Qb3 d5 28. Qxd5 Qxb2 29. Qb3 Qd4 30. Rhd1 Qc5 31. Qe3 Qc6 32. Qb3 Qb7 33. Rd4 Rab8 34. Rcd1 Rc3 35. Rxb4 Rxb3 36. Rxb3 Qa6+ 37. Kf2 Rxb3 38. cxb3 Qa2+ 39. Kg1 Qxb3 40. h3 Qxd1+ 0-1

[Event "AUT-ch Seniors 50"]
[Site "Deutschlandsberg"]
[Date "2018.04.24"]
[Round "3"]
[White "Teuschler, Hugo"]
[Black "Steiner, Bruno"]
[Result "1/2-1/2"]
[WhiteElo "2124"]
[BlackElo "2187"]
[PlyCount "118"]
[EventDate "2018.04.22"]
[EventType "swiss"]
[EventRounds "7"]
[EventCountry "AUT"]
[SourceTitle "CBM 184 Extra"]
[Source "ChessBase"]
[SourceDate "2018.06.28"]
[SourceVersion "1"]
[SourceVersionDate "2018.06.28"]
[SourceQuality "1"]

1. e4 e5 2. Nf3 Nc6 3. Bc4 Nf6 4. d3 Be7 5. c3 d6 6. Bb3 a6 7. Nbd2 Na5 8. Bc2 c5 9. 0-0 Be6 10. Re1 Qc7 11. Nf1 Nc6 12. Qe2 0-0 13. Ng3 Rfe8 14. Bg5 h6 15. Bd2 Nh7 16. h3 Bg5 17. Nxg5 hxg5 18. Qh5 f6 19. Bb3 Bxb3 20. axb3 Nf8 21. Qg4 Ne6 22. h4 gxh4 23. Qxh4 Rad8 24. Re3 d5 25. Rf3 dxe4 26. Nxe4 Rf8 27. Qg4 Qe7 28. Ng3 Nf4 29. Nf5 Qd7 30. Bxf4 exf4 31. Qxf4 g5 32. Qc4+ Qd5 33. Re1 Kf7 34. Rfe3 Ne5 35. Qxd5+ Rxd5 36. d4 Ng4 37. Rf3 Re8 38. Rxe8 Kxe8 39. g3 Kf7 40. dxc5 Rxc5 41. b4 Rd5 42. Ne3 Rd3 43. Nxg4 Rxf3 44. Ne3 f5 45. Kf1 g4 46. Ke2 Kf6 47. Ng2 f4 48. Nh4 fxg3 49. Nxf3 gxf3+ 50. Kxf3 gxf2 51. Kxf2 Kf5 52. Ke3 Ke5 53. Kd3 Kd5 54. b3 Kc6 55. Kc4 Kd6 56. Kd4 Kc6 57. c4 Kd6 58. Ke4 Ke6 59. Kd4 Kd6 1/2-1/2

[Event "AUT-ch Seniors 50"]
[Site "Deutschlandsberg"]
[Date "2018.04.23"]
[Round "2"]
[White "Ernst, Michael"]
[Black "Teuschler, Hugo"]
[Result "1/2-1/2"]
[WhiteElo "2153"]
[BlackElo "2124"]
[PlyCount "131"]
[EventDate "2018.04.22"]
[EventType "swiss"]
[EventRounds "7"]
[EventCountry "AUT"]
[SourceTitle "CBM 184 Extra"]
[Source "ChessBase"]
[SourceDate "2018.06.28"]
[SourceVersion "1"]
[SourceVersionDate "2018.06.28"]
[SourceQuality "1"]

1. d4 d5 2. Bf4 Nf6 3. e3 e6 4. Nd2 c5 5. c3 Nc6 6. Ngf3 cxd4 7. exd4 Nh5 8. Bg5 f6 9. Be3 Bd6 10. g3 0-0 11. Bg2 f5 12. Ng5 Nf6 13. Nh3 Ne4 14. 0-0 Bd7 15. Nxe4 fxe4 16. f3 exf3 17. Rxf3 Rxf3 18. Qxf3 Qf6 19. Qe2 Rf8 20. Bf4 Bxf4 21. Nxf4 g5 22. Nd3 b6 23. Re1 Kg7 24. Rf1 Qg6 25. Rxf8 Kxf8 26. h3 Qf6 27. Qf2 Ke7 28. Qxf6+ Kxf6 29. Kf2 Be8 30. Ke3 Bg6 31. Nf2 Bf5 32. Bf3 Ke7 33. h4 h6 34. Ng4 Bxg4 35. Bxg4 e5 36. dxe5 Nxe5 37. Be2 Kd6 38. b3 Nc6 39. Bb5 Ne5 40. Be8 Kc5 41. Bh5 Kd6 42. b4 Nc4+ 43. Kd4 Na3 44. hxg5 hxg5 45. Be2 Nc2+ 46. Kd3 Na3 47. Ke3 Nc2+ 48. Kf3 Ke5 49. Bd3 Ne1+ 50. Ke2 Nxd3 51. Kxd3 Kf5 52. Kd4 Kg4 53. Kxd5 Kxg3 54. c4 g4 55. c5 bxc5 56. bxc5 Kf3 57. c6 g3 58. c7 g2 59. c8Q g1Q 60. Qc3+ Ke2 61. Qe5+ Kd3 62. Qe4+ Kc3 63. Qc4+ Kb2 64. Qb3+ Ka1 65. Kc6 Qg2+ 66. Kb5 1/2-1/2

[Event "WchT Seniors 50"]
[Site "Radebeul"]
[Date "2016.07.02"]
[Round "7.16"]
[White "Teuschler, Hugo"]
[Black "Kirppo, Ronny"]
[Result "1-0"]
[WhiteElo "2033"]
[BlackElo "1823"]
[PlyCount "53"]
[EventDate "2016.06.26"]
[EventType "team-swiss"]
[EventRounds "9"]
[EventCountry "GER"]
[SourceTitle "CBM 173 Extra"]
[Source "ChessBase"]
[SourceDate "2016.08.29"]
[SourceVersion "1"]
[SourceVersionDate "2016.08.29"]
[SourceQuality "1"]
[WhiteTeam "Graz"]
[BlackTeam "Sweden"]
[WhiteTeamCountry "AUT"]
[BlackTeamCountry "SWE"]

1. e4 c5 2. Nf3 d6 3. d4 cxd4 4. Nxd4 Nf6 5. Nc3 Nc6 6. Bc4 e6 7. Bb3 Be7 8. Be3 0-0 9. 0-0 a6 10. f4 Nxd4 11. Bxd4 b5 12. e5 dxe5 13. fxe5 Nd7 14. Ne4 Bb7 15. Nd6 Bxd6 16. exd6 Qg5 17. Rf2 e5 18. Bc3 e4 19. Qf1 Bd5 20. h4 e3 21. hxg5 exf2+ 22. Qxf2 Bxb3 23. axb3 Rfe8 24. Qf5 Re6 25. Rf1 Rf8 26. Qd5 Nb6 27. Qd4 1-0